Jujutsu Kaisen Cursed Techniques & Domains - Statistics

General Stats
  • This quiz has been taken 1,251 times
  • The average score is 18 of 54
Answer Stats
Hint Answer % Correct
Satoru Gojo Limitless
83%
MegumiFushiguro Ten Shadows
81%
Aoi Todo Boogie Woogie
77%
Toge Inumaki Cursed Speech
76%
Ryomen Sukuna (Domain) Malevolent Shrine
73%
Noritoshi Kamo Blood Manipulation
70%
Choso Blood Manipulation
70%
MegumiFushiguro (Domain) Chimera ShadowGarden
66%
Mahito Idle Transfiguration
61%
NobaraKugisaki Straw Doll
61%
Satoru Gojo(Domain) Unlimited Void
60%
Mahito(Domain) Self Embodiment OfPerfection
55%
Yuta Okkotsu Copy
53%
Jogo (Domain) Coffin Of The Iron Mountain
51%
Ryomen Sukuna Shrine
51%
Kento Nanami Ratio
49%
Mai Zenin Construction
47%
Kinji Hakari(Domain) Idle Death Gamble
41%
Suguru Geto Cursed Spirit Manipulation
40%
Mechamaru Puppet Manipulation
39%
MasamichiYaga Puppet Manipulation
39%
Hiromi Higuruma(Domain) Deadly Sentencing
30%
Jogo Disaster Flames
30%
Angel Jacobs Ladder
30%
Momo Nishimiya Tool Manipulation
30%
Naoya Zenin Projection Sorcery
29%
Yuta Okkotsu(Domain) Authentic Mutual Love
26%
Tengen Immortality
26%
Hanami Disaster Plants
25%
Yuki Tsukumo Star Rage
25%
Kenjaku(Domain) Womb Profusion
24%
Dagon(Domain) Horizon Of The Captivating Skandha
23%
Dagon Disaster Tides
22%
Naoya Zenin(Domain) Time Cell Moon Palace
22%
Mei Mei Black Bird Manipulation
21%
Eso/Kechizu Rot
21%
Hiromi Higuruma Judgeman
20%
Hajime Kashimo Mythical Beast Amber
20%
Kinji Hakari Private Pure Love Train
19%
Haruta Shigemo Miracles
17%
Ogami Seance
14%
Utahime Iori Solo Forbidden Area
14%
Uraume Ice Formation
13%
Takuma Ino Auspicious BeastsSummon
12%
Kirara Hoshi Love Rendezvous
12%
Ryu Ishigori Cursed Energy Discharge
10%
Jiro Awasaka Inverse
10%
Miguel Oduol Prayer Song
8%
Ui Ui Spatial Transference
8%
FumihikoTakaba The Comedian
6%
Kenjaku Transplant
6%
YoshinobuGakuganji Sound Amplifier
5%
Nanako Hasaba Photograph Manipulation
4%
Mimiko Hasaba The Hanged King
3%
No matching quizzes found
Score Distribution
Percent of People with Each Score
Percentile by Number Answered
Your Score History
You have not taken this quiz